Statistiques concernant Quel Club de TOP 14 ?

Cliquez ici pour prendre le quiz!

Statistiques générales

  • Ce quiz a été pris 95 fois
  • Le résultat moyen est 14 sur 14

Statistiques - réponses

QuestionRéponse% Correct
Quel Club du Lot-et-Garonne est en TOP 14 ?Agen
100%
Quel Club de la Gironde est en TOP 14 ?Bordeaux-Bègles
100%
Quel Club de la Corrèze est en TOP 14 ?Brive
100%
Quel Club d'Auvergne est en TOP 14 ?Clermont
100%
Quel Club du Rhône est en TOP 14 ?Lyon
100%
Quel Club du Bearn est en TOP 14 ?Pau
100%
Quel Club de Paris est en TOP 14 ?Stade Français
100%
Quel Club de Provence-Alpes-Côte-d'Azur est en TOP 14 ?Toulon
100%
Quel Club de la Haute-Garonne est en TOP 14 ?Toulouse
100%
Quel Club du Tarn est TOP 14 ?Castres
99%
Quel Club de la Charente-Maritime est en TOP 14 ?La Rochelle
99%
Quel Club de l'Hérault est en TOP 14 ?Montpellier
99%
Quel Club de Banlieu Parisienne est en TOP 14 ?Racing 92
99%
Quel Club Basque est en TOP 14 ?Bayonne
80%

Distribution des résultats

Percentile par nombre de réponses

% des personnes avec chaque résultat

Votre développement - résultats

Vous n’avez pas pris ce quiz